00333nam a2200133Ia 45000030006000000080041000060400015000471000020000622450032000822600048001143000006001625460014001680050017001820STCL150530s9999 xx 000 0 und d aSTCLcSTCL aMathew, K.M. Ed aBhashaposhini May- Aug 1998 bMalayala Manorama; Kottayamc1998aKottayam a0 aMalayalam20220125165745.0